A szolgabírói hivatal az 1870. évi XLII. törvénycikk alapján

Elmentve itt :
Bibliográfiai részletek
Szerző: Pétervári Máté
Dokumentumtípus: Cikk
Megjelent: 2018
Sorozat:PRO PUBLICO BONO: MAGYAR KÖZIGAZGATÁS; A NEMZETI KÖZSZOLGÁLATI EGYETEM KÖZIGAZGATÁS-TUDOMÁNYI SZAKMAI FOLYÓIRATA 3
mtmt:30755387
Online Access:http://publicatio.bibl.u-szeged.hu/16383
LEADER 00729nab a2200181 i 4500
001 publ16383
005 20190805132541.0
008 190805s2018 hu o 0|| zxx d
022 |a 2063-9058 
024 7 |a 30755387  |2 mtmt 
040 |a SZTE Publicatio Repozitórium  |b hun 
041 |a zxx 
100 1 |a Pétervári Máté 
245 1 2 |a A szolgabírói hivatal az 1870. évi XLII. törvénycikk alapján  |h [elektronikus dokumentum] /  |c  Pétervári Máté 
260 |c 2018 
300 |a 56-76 
490 0 |a PRO PUBLICO BONO: MAGYAR KÖZIGAZGATÁS; A NEMZETI KÖZSZOLGÁLATI EGYETEM KÖZIGAZGATÁS-TUDOMÁNYI SZAKMAI FOLYÓIRATA  |v 3 
856 4 0 |u http://publicatio.bibl.u-szeged.hu/16383/1/WEB-PPB_2018_3---056-077_Petervari.pdf  |z Dokumentum-elérés